Palaeogeography and palaeobiogeography (Record no. 11011)
[ view plain ]
| 000 -LEADER | |
|---|---|
| fixed length control field | 02446nam a2200361Ia 4500 |
| 001 - CONTROL NUMBER | |
| control field | CRC00E45512PDF |
| 003 - CONTROL NUMBER IDENTIFIER | |
| control field | BD-DhSAU |
| 005 - DATE AND TIME OF LATEST TRANSACTION | |
| control field | 20151012144259.0 |
| 006 - FIXED-LENGTH DATA ELEMENTS--ADDITIONAL MATERIAL CHARACTERISTICS | |
| fixed length control field | m|||||o||d|||||||| |
| 007 - PHYSICAL DESCRIPTION FIXED FIELD--GENERAL INFORMATION | |
| fixed length control field | cr|||| |
| 008 - FIXED-LENGTH DATA ELEMENTS--GENERAL INFORMATION | |
| fixed length control field | 111024s2011 fluabd sb 001 0 eng d |
| 020 ## - INTERNATIONAL STANDARD BOOK NUMBER | |
| International Standard Book Number | 9781420045529 (ebook : PDF) |
| 040 ## - CATALOGING SOURCE | |
| Original cataloging agency | BD-DhSAU |
| Transcribing agency | BD-DhSAU |
| 090 ## - LOCALLY ASSIGNED LC-TYPE CALL NUMBER (OCLC); LOCAL CALL NUMBER (OCLC) | |
| Classification number (OCLC) (R) ; Classification number, CALL (RLIN) (NR) | QE501.4.P3 |
| Local cutter number (OCLC) ; Book number/undivided call number, CALL (RLIN) | P226 2011 |
| 092 ## - LOCALLY ASSIGNED DEWEY CALL NUMBER (OCLC) | |
| Classification number | 560 |
| Item number | P153 |
| 245 00 - TITLE STATEMENT | |
| Title | Palaeogeography and palaeobiogeography |
| Medium | [electronic resource] : |
| Remainder of title | biodiversity in space and time / |
| Statement of responsibility, etc. | edited by Paul Upchurch, Alistair J. McGowan, Claire S.C. Slater. |
| 260 ## - PUBLICATION, DISTRIBUTION, ETC. (IMPRINT) | |
| Place of publication, distribution, etc. | Boca Raton : |
| Name of publisher, distributor, etc. | CRC Press, |
| Date of publication, distribution, etc. | 2011. |
| 300 ## - PHYSICAL DESCRIPTION | |
| Extent | xv, 223 p. : |
| Other physical details | ill., maps. |
| 490 1# - SERIES STATEMENT | |
| Series statement | Systematics Association special volume series ; |
| Volume/sequential designation | 77 |
| 504 ## - BIBLIOGRAPHY, ETC. NOTE | |
| Bibliography, etc | Includes bibliographical references and index. |
| 505 0# - FORMATTED CONTENTS NOTE | |
| Formatted contents note | ch. 1. Biogeographical convergence and time-slicing : concepts and methods in comparative biogeography / Fabrizio Cecca, Juan J. Morrone, and Malte C. Ebach -- ch. 2. Phylogenetic methods in palaeobiogeography : changing from simplicity to complexity without losing parsimony / Daniel R. Brooks and Kaila E. Folinsbee -- ch. 3. Uncertainties in phanerozoic global continental reconstructions and their biogeographical implications : a review / Alan G. Smith -- ch. 4. Boundaries and barriers of North American warm deserts : an evolutionary perspective / David J. Hafner and Brett R. Riddle -- ch. 5. Integrating GIS and phylogenetic biogeography to assess species-level biogeographic patterns : a case study of late Devonian faunal dynamics / Alycia L. Stigall -- ch. 6. A case study of the palaeobiogeography of early Mesozoic actinopterygians : the family Ptycholepidae / Raoul J. Mutter -- ch. 7. Disparity as a complement to taxonomy and phylogeny in biogeographic studies : present and past examples from the cephalopods / Alistair J. McGowan and Pascal Neige. |
| 530 ## - ADDITIONAL PHYSICAL FORM AVAILABLE NOTE | |
| Additional physical form available note | Also available in print edition. |
| 538 ## - SYSTEM DETAILS NOTE | |
| System details note | Mode of access: World Wide Web. |
| 650 #0 - SUBJECT ADDED ENTRY--TOPICAL TERM | |
| Topical term or geographic name as entry element | Paleogeography. |
| 650 #0 - SUBJECT ADDED ENTRY--TOPICAL TERM | |
| Topical term or geographic name as entry element | Paleobiology. |
| 655 #7 - INDEX TERM--GENRE/FORM | |
| Genre/form data or focus term | Electronic books. |
| Source of term | lcsh |
| 700 1# - ADDED ENTRY--PERSONAL NAME | |
| Personal name | Upchurch, Paul. |
| 700 1# - ADDED ENTRY--PERSONAL NAME | |
| Personal name | McGowan, Alistair. |
| 700 1# - ADDED ENTRY--PERSONAL NAME | |
| Personal name | Slater, Claire. |
| 776 1# - ADDITIONAL PHYSICAL FORM ENTRY | |
| International Standard Book Number | 9781420045512 (hardcover : alk. paper) |
| 830 #0 - SERIES ADDED ENTRY--UNIFORM TITLE | |
| Uniform title | Systematics Association special volume ; |
| Volume number/sequential designation | 77. |
| 856 40 - ELECTRONIC LOCATION AND ACCESS | |
| Uniform Resource Identifier | <a href="http://marc.crcnetbase.com/isbn/9781420045529">http://marc.crcnetbase.com/isbn/9781420045529</a> |
| Electronic format type | application/PDF |
No items available.
